LIBRARY & INFORMATION CENTRE, KCAET, TAVANUR

ONLINE PUBLIC ACCESS CATALOGUE (OPAC)

Statistical Learning Theory (Record no. 14519)

MARC details
000 -LEADER
fixed length control field 00418nam a22001337a 4500
020 ## - INTERNATIONAL STANDARD BOOK NUMBER
ISBN 9788126528929
082 ## - DEWEY DECIMAL CLASSIFICATION NUMBER
Classification number 519
Item number VLA/ST
100 ## - MAIN ENTRY--AUTHOR NAME
Personal name Vladimir N.Vapnik
245 ## - TITLE STATEMENT
Title Statistical Learning Theory
260 ## - PUBLICATION, DISTRIBUTION, ETC. (IMPRINT)
Place of publication New Delhi
Name of publisher Wiley India Pvt.Ltd.
Year of publication 2011
300 ## - PHYSICAL DESCRIPTION
Number of Pages 736
490 ## - SERIES STATEMENT
Series statement A Volume in the Wiley Series on Adaptive and Learning Systems for Signal Processing. Communications and Control
942 ## - ADDED ENTRY ELEMENTS (KOHA)
Koha item type Books
Holdings
Withdrawn status Lost status Damaged status Home library Current library Shelving location Date acquired Source of acquisition Cost, normal purchase price Full call number Accession Number Koha item type
      KAUAET KAUAET General Stacks 13/07/2016 Researchco Books and Periodicals, New Delhi. 995.00 519 VLA/ST 24373 Books
free website counter